Library Banner

Smart biosensor technology (Record no. 62175)

MARC details
000 -LEADER
fixed length control field 00507nam a2200193Ia 4500
001 - CONTROL NUMBER
control field 61732
008 - FIXED-LENGTH DATA ELEMENTS--GENERAL INFORMATION
fixed length control field 141120s9999 xx 000 0 und d
020 ## - INTERNATIONAL STANDARD BOOK NUMBER
International Standard Book Number 9780849337598
040 ## - CATALOGING SOURCE
Transcribing agency PK-LaUMT
082 ## - DEWEY DECIMAL CLASSIFICATION NUMBER
Classification number 610.28
Item number SMA-
100 ## - MAIN ENTRY--PERSONAL NAME
Personal name Knopf, George K.
245 ## - TITLE STATEMENT
Title Smart biosensor technology
Statement of responsibility, etc Knopf, George K.|Bassi, Amarjeet S.
260 ## - PUBLICATION, DISTRIBUTION, ETC. (IMPRINT)
Place of publication, distribution, etc Boca Raton,USA:
Name of publisher, distributor, etc CRC Press,
Date of publication, distribution, etc 2007
300 ## - PHYSICAL DESCRIPTION
Extent 636 p.
546 ## - LANGUAGE NOTE
Language note EN
650 ## - SUBJECT ADDED ENTRY--TOPICAL TERM
Topical term or geographic name as entry element Biosensors-materials
700 ## - ADDED ENTRY--PERSONAL NAME
Personal name Bassi, Amarjeet S.
942 ## - ADDED ENTRY ELEMENTS (KOHA)
Koha item type Books
Holdings
Withdrawn status Lost status Damaged status Not for loan Home library Current library Date acquired Total Checkouts Full call number Barcode Date last seen Price effective from Koha item type
        UMT Main Campus UMT Main Campus 2014-11-18   610.28 SMA- 82822 2014-11-20 2014-11-20 Books